| 000 | 00711nam a2200217 a 4500 | ||
|---|---|---|---|
| 001 | 000008581 | ||
| 005 | 20250520113501.0 | ||
| 008 | 090917s1997 sp 000 0 spa d | ||
| 040 |
_aDO-SdBNP _bspa _cBNPHU |
||
| 082 |
_a860 _bB957p |
||
| 100 | 1 |
_aBurgo, Lucio Del _922992 |
|
| 245 | 1 | 0 |
_aPensamientos de Santa Teresita / _cLucio Del Burgo. |
| 260 |
_aEspaña ; _aSanto Domingo : _bMonte Carmelo _bEspiritualidad del Caribe, _c1997. |
||
| 300 |
_a120 p. ; _c20 cm. |
||
| 504 | _aIncluye bibliografías : p. 109-120 | ||
| 600 | 1 | 4 |
_aTERESA DEL NIÑO JESÚS _cSANTA _d1873-1897 _922993 |
| 650 | 4 |
_aPoesía religiosa _922994 |
|
| 650 | 4 |
_aLiteratura religiosa _93200 |
|
| 650 | 0 |
_aPensamiento _922995 |
|
| 049 | _aBNPD | ||
| 999 |
_c8351 _d8351 |
||